| Tag |
First Indicator |
Second Indicator |
Subfields |
| LEADER |
00000cam a2200000 i 4500 |
| 001 |
in00000609213 |
| 005 |
20151014101338.0 |
| 008 |
761217s1976 qucab b s00010 fre d |
| 035 |
|
|
|a (OCoLC)02631629
|
| 035 |
|
|
|9 ACR5031AM
|
| 040 |
|
|
|a TXA
|c TXA
|d UtOrBLW
|
| 041 |
0 |
|
|a fre
|a eng
|
| 049 |
|
|
|a TXAM
|c [1163551]
|
| 090 |
|
|
|a QE193
|b .A3 no.160
|
| 245 |
0 |
0 |
|a Canton de La Motte =
|b La Motte Township /
|c P. R. Brett, R. E. Jones, W. R. Leuner, M. Latulippe.
|
| 246 |
3 |
1 |
|a La Motte Township
|
| 264 |
|
1 |
|a Quebec :
|b Ministere des Richesses Naturelles, Direction Generale des Mines,
|c 1976.
|
| 300 |
|
|
|a iv, 151 pages :
|b illustrations, map (1 folded color in pocket) ;
|c 26 cm.
|
| 336 |
|
|
|a text
|b txt
|2 rdacontent
|
| 337 |
|
|
|a unmediated
|b n
|2 rdamedia
|
| 338 |
|
|
|a volume
|b nc
|2 rdacarrier
|
| 490 |
1 |
|
|a Rapport geologique - Geological report ; 160
|
| 500 |
|
|
|a In French and English.
|
| 504 |
|
|
|a Bibliography: pages 149-151.
|
| 650 |
|
0 |
|a Geology
|z Québec (Province)
|z La Motte Township.
|
| 700 |
1 |
|
|a Brett, P. R.
|
| 700 |
1 |
|
|a Leuner, W. R.
|
| 700 |
1 |
|
|a Jones, R. E.
|
| 700 |
1 |
|
|a Latulippe, M.
|
| 740 |
3 |
|
|a La Motte Township.
|
| 830 |
|
0 |
|a Rapport géologique (Québec, Québec).
|l English ;
|v 160.
|
| 999 |
|
|
|a MARS
|
| 999 |
f |
f |
|s 1bb95fdc-7c87-3261-bd92-4623da30a49a
|i ae830307-af0a-3bf9-a3a7-250d319d6fb0
|t 0
|
| 952 |
f |
f |
|p ric
|a Texas A&M University
|b Rellis Campus
|c Joint Library Facility
|d Remote Storage
|t 0
|e QE193 .A3 no.160
|h Library of Congress classification
|i unmediated -- volume
|m A14804780235
|
| 998 |
f |
f |
|a QE193 .A3 no.160
|t 0
|l Remote Storage
|